Statystyki dla Rodzaje makaronu

Kliknij tutaj aby rozwiązać quiz!

Ogólne statystyki

  • Ten quiz został rozwiązany 49 razy
    (48 od ostatniego zresetowania)
  • Średni wynik to 7 z 12

Statystyki odpowiedzi

Nazwa% Poprawnych
spaghetti
93%
rurki
86%
świderki
79%
kokardki
74%
nitki
58%
tagliatelle
58%
muszelki
49%
lasagne
47%
kolanka
37%
wstążki
33%
ravioli
21%
cannelloni
19%

Rozkład punktacji

Percentyl według liczby udzielonych odpowiedzi

Procent ludzi z każdym wynikiem

Twoja historia wyników

Nie rozwiązałeś tego quizu od ostatniego zresetowania